<?xml version="1.0" encoding="UTF-8"?>
<record
    xmlns:xsi="http://www.w3.org/2001/XMLSchema-instance"
    xsi:schemaLocation="http://www.loc.gov/MARC21/slim http://www.loc.gov/standards/marcxml/schema/MARC21slim.xsd"
    xmlns="http://www.loc.gov/MARC21/slim">

  <leader>01900    a2200229   4500</leader>
  <datafield tag="952" ind1=" " ind2=" ">
    <subfield code="0">0</subfield>
    <subfield code="1">0</subfield>
    <subfield code="2">lcc</subfield>
    <subfield code="4">0</subfield>
    <subfield code="7">0</subfield>
    <subfield code="8">NFIC</subfield>
    <subfield code="a">CCL</subfield>
    <subfield code="b">CCL</subfield>
    <subfield code="c">GEN</subfield>
    <subfield code="d">2023-09-14</subfield>
    <subfield code="e">Donation</subfield>
    <subfield code="i">032900</subfield>
    <subfield code="l">0</subfield>
    <subfield code="o">PL856.SUT2008</subfield>
    <subfield code="p">032900</subfield>
    <subfield code="r">2023-09-14 00:00:00</subfield>
    <subfield code="t">c.1</subfield>
    <subfield code="w">2023-09-14</subfield>
    <subfield code="y">BK</subfield>
  </datafield>
  <datafield tag="999" ind1=" " ind2=" ">
    <subfield code="c">10990</subfield>
    <subfield code="d">10990</subfield>
  </datafield>
  <datafield tag="020" ind1=" " ind2=" ">
    <subfield code="a">9780674028333</subfield>
  </datafield>
  <datafield tag="050" ind1=" " ind2=" ">
    <subfield code="a">PL856</subfield>
    <subfield code="b">SUT 2008</subfield>
  </datafield>
  <datafield tag="100" ind1=" " ind2=" ">
    <subfield code="a"> Suter, Rebecca, </subfield>
    <subfield code="d">1975-</subfield>
    <subfield code="e">author</subfield>
  </datafield>
  <datafield tag="245" ind1=" " ind2=" ">
    <subfield code="a">The Japanization of modernity : </subfield>
    <subfield code="b">Murakami Haruki between Japan and the United States /</subfield>
    <subfield code="c">Rebecca Suter</subfield>
  </datafield>
  <datafield tag="264" ind1=" " ind2=" ">
    <subfield code="a">Harvard University Asia Center : </subfield>
    <subfield code="b">Distributed by Harvard University Press, Cambridge, Mass., </subfield>
    <subfield code="c">&#x266D;2008</subfield>
  </datafield>
  <datafield tag="300" ind1=" " ind2=" ">
    <subfield code="a"> x, 236 pages ; 24 cm.</subfield>
  </datafield>
  <datafield tag="336" ind1=" " ind2=" ">
    <subfield code="2">text</subfield>
    <subfield code="a">txt</subfield>
    <subfield code="b">rdacontent</subfield>
  </datafield>
  <datafield tag="337" ind1=" " ind2=" ">
    <subfield code="2">unmediated</subfield>
    <subfield code="a">n</subfield>
    <subfield code="b">rdamedia</subfield>
  </datafield>
  <datafield tag="338" ind1=" " ind2=" ">
    <subfield code="2">volume</subfield>
    <subfield code="a">nc</subfield>
    <subfield code="b">rdacarrier</subfield>
  </datafield>
  <datafield tag="440" ind1=" " ind2=" ">
    <subfield code="a">Harvard East Asian monographs, 298</subfield>
  </datafield>
  <datafield tag="500" ind1=" " ind2=" ">
    <subfield code="a">Online version:
Japanization of modernity.
Suter, Rebecca, 1975-
742433846</subfield>
  </datafield>
  <datafield tag="505" ind1=" " ind2=" ">
    <subfield code="a">1. The Japanization of Modernity
2. Murakami Haruki, Japan, and America
3. Language and Culture
4. Literature and Identity
5. In Other Worlds</subfield>
  </datafield>
  <datafield tag="520" ind1=" " ind2=" ">
    <subfield code="a">Murakami Haruki is perhaps the best known and most widely translated Japanese author of his generation. Bringing a comparative perspective to the study of Murakami's fiction, Rebecca Suter complicates our understanding of the author's oeuvre and highlights his contributions not only as a popular writer but also as a cultural critic on both sides of the Pacific. Suter concentrates on Murakami's short stories - less known in the West but equally worthy of critical attention - as sites of some of the author's bolder experiments in manipulating literary (and everyday) language, honing cross-cultural allusions, and crafting meta-fictional techniques. This study scrutinizes Murakami's fictional worlds and their extra-literary contexts through a range of discursive lenses: modernity and postmodernity, universalism and particularism, imperialism and nationalism, Orientalism and globalization."--Jacket</subfield>
  </datafield>
  <datafield tag="650" ind1=" " ind2=" ">
    <subfield code="a">Art appreciation</subfield>
  </datafield>
  <datafield tag="650" ind1=" " ind2=" ">
    <subfield code="a">Murakami, Haruki 1949-</subfield>
  </datafield>
  <datafield tag="942" ind1=" " ind2=" ">
    <subfield code="2">lcc</subfield>
    <subfield code="c">BK</subfield>
    <subfield code="h">856</subfield>
    <subfield code="i">SUT</subfield>
    <subfield code="k">PL</subfield>
  </datafield>
</record>
